Carbon nanotubes: quantum cylinders of graphene (Record no. 1211019)

MARC details
000 -LEADER
fixed length control field 01047nam a2200301Ia 4500
003 - CONTROL NUMBER IDENTIFIER
control field OSt
005 - DATE AND TIME OF LATEST TRANSACTION
control field 20221007122839.0
008 - FIXED-LENGTH DATA ELEMENTS--GENERAL INFORMATION
fixed length control field 221006b |||||||| |||| 00| 0 eng d
020 ## - INTERNATIONAL STANDARD BOOK NUMBER
International Standard Book Number 9789382291244 (hbk)
037 ## - SOURCE OF ACQUISITION
Terms of availability Textual
040 ## - CATALOGING SOURCE
Original cataloging agency PAPL
Transcribing agency PAPL
Language of cataloging eng
041 ## - LANGUAGE CODE
Source of code eng
Language code of text/sound track or separate title eng
100 ## - MAIN ENTRY--PERSONAL NAME
Personal name Saito S Ed.
9 (RLIN) 715391
245 #0 - TITLE STATEMENT
Title Carbon nanotubes: quantum cylinders of graphene
Remainder of title Zettl A Ed.
260 ## - PUBLICATION, DISTRIBUTION, ETC.
Place of publication, distribution, etc. Amsterdam
Name of publisher, distributor, etc. Elsevier
Date of publication, distribution, etc. 2008
300 ## - PHYSICAL DESCRIPTION
Extent xiii, 215p. ill.
Dimensions cm.
500 ## - GENERAL NOTE
General note Include bibliographical references; Include author index 199-212p.; Include subject index 213-215p.
650 ## - SUBJECT ADDED ENTRY--TOPICAL TERM
Topical term or geographic name entry element Carbon nanotubes
9 (RLIN) 712319
650 ## - SUBJECT ADDED ENTRY--TOPICAL TERM
Topical term or geographic name entry element Nanotubes
9 (RLIN) 715392
650 ## - SUBJECT ADDED ENTRY--TOPICAL TERM
Topical term or geographic name entry element Physics
700 ## - ADDED ENTRY--PERSONAL NAME
Personal name Zettl A Ed.
9 (RLIN) 715393
942 ## - ADDED ENTRY ELEMENTS (KOHA)
Classification part C21:(D), P8 Carpa
Koha item type Textual
Source of classification or shelving scheme Colon Classification (CC)
Holdings
Withdrawn status Lost status Source of classification or shelving scheme Damaged status Not for loan Home library Current library Date acquired Source of acquisition Total Checkouts Full call number Barcode Date last seen Price effective from Koha item type
    Colon Classification (CC)     Department of Physics and Astrophysics Library Department of Physics and Astrophysics Library 2022-10-07 2397, 19/03/2014, Ashutosh Technical Books   C21:(D) P8 Carpa PA0007129 2022-10-07 2022-10-07 Textual
Copyright @ Delhi University Library System